Normal view
MARC view
Entry Topical Term
Number of records used in: 133
001 - CONTROL NUMBER
- control field: 5347
003 - CONTROL NUMBER IDENTIFIER
- control field: NLI
005 - DATE AND TIME OF LATEST TRANSACTION
- control field: 20210428125305.0
008 - FIXED-LENGTH DATA ELEMENTS
- fixed length control field: 210428|| aca||aabn | a|a d
040 ## - CATALOGING SOURCE
- Original cataloging agency: NLI
- Transcribing agency: NLI
150 ## - HEADING--TOPICAL TERM
- Topical term or geographic name entry element: Globalization
- General subdivision: Economic aspects
670 ## - SOURCE DATA FOUND
- Source citation: Work cat.: (NLI): 880-01 Bhaskar, S.N. 5346, Political economy of human rights /, 2010
